Quy định pháp luật về chứng minh nhân dân
Spremljeno u:
| Autor kompanije: | |
|---|---|
| Format: | Knjiga |
| Jezik: | Vietnamese |
| Izdano: |
Hà Nội
Chính trị-Quốc gia
2010
|
| Teme: | |
| Oznake: |
Dodaj oznaku
Bez oznaka, Budi prvi tko označuje ovaj zapis!
|
| Thư viện lưu trữ: | Trung tâm Học liệu Lê Vũ Hùng, Trường Đại học Đồng Tháp |
|---|
| LEADER | 00768aam a22002418a 4500 | ||
|---|---|---|---|
| 001 | 00028835 | ||
| 005 | 20171026081023.0 | ||
| 008 | 120404s2010 ||||||viesd | ||
| 041 | 0 | # | |a vie |
| 082 | 1 | 4 | |a 342.597 |b Q523Đ |
| 110 | 1 | # | |a Việt Nam (CHXHCN) |
| 245 | 1 | 0 | |a Quy định pháp luật về chứng minh nhân dân |
| 260 | # | # | |a Hà Nội |b Chính trị-Quốc gia |c 2010 |
| 300 | # | # | |a 108 tr. |c 19 cm. |
| 546 | # | # | |a Song ngữ Kinh-Khmer |
| 653 | # | # | |a Chứng minh nhân dân |
| 653 | # | # | |a Dân quyền |
| 653 | # | # | |a Việt - Khmer |
| 653 | # | # | |a Việt Nam |
| 852 | # | # | |b Kho đọc |j KD.0013359 |
| 852 | # | # | |j KD.0013359 |
| 910 | |d 04/04/2012 | ||
| 980 | # | # | |a Trung tâm Học liệu Lê Vũ Hùng, Trường Đại học Đồng Tháp |